| 000 | 01150cam a2200325 i 4500 | ||
|---|---|---|---|
| 999 |
_c29117 _d29088 |
||
| 001 | 18179853 | ||
| 003 | EG-ScBUE | ||
| 005 | 20210519094134.0 | ||
| 008 | 140606s2013 nyu f b 001 0 eng d | ||
| 020 | _a9781137354082 (pbk.) | ||
| 040 |
_aDLC _beng _erda _cDLC _dDLC _dEG-ScBUE |
||
| 082 | 0 | 4 |
_a809.399287 _bDON _222 |
| 100 | 1 |
_aDonovan, Josephine, _d1941- _eauthor. |
|
| 245 | 1 | 0 |
_aWomen and the rise of the novel, 1405-1726 / _cJosephine Donovan. |
| 250 |
_aSecond edition, _brevised and expanded. |
||
| 264 | 1 |
_aNew York, NY : _bPalgrave Macmillan, _c2013. |
|
| 300 |
_axiv, 217 pages ; _c22 cm |
||
| 336 |
_atext _btxt _2rdacontent |
||
| 337 |
_aunmediated _bn _2rdamedia |
||
| 338 |
_avolume _bnc _2rdacarrier |
||
| 504 | _aIncludes bibliographical references and index. | ||
| 650 | 7 |
_aFiction _xWomen authors _xHistory and criticism. _2BUEsh |
|
| 650 | 7 |
_aWomen and literature. _2BUEsh |
|
| 650 | 7 |
_aFrame-stories _xHistory and criticism. _2BUEsh |
|
| 653 |
_bGGEN _cMay2021 |
||
| 655 |
_vReading book _934232 |
||
| 906 |
_a7 _bcbc _corignew _d2 _encip _f20 _gy-gencatlg |
||
| 942 |
_2ddc _cBB |
||